Survive, skor & sukses /

Bibliographic Details
Main Author: Hasbullah Othman
Other Authors: Megawati S
Format: Book
Published: Selangor: True Wealth Sdn Bhd, 2007.
Subjects:
LEADER 00533cam a2200193 7i4500
001 0000019737
005 20151104090000.0
005 ##20151104122600.0
003 ##MY-KlINT
020 # # |a 9789833364442  
039 # 9 |y 201511041226  |z VLOAD 
090 0 0 |a 370.154   |b HAS 
100 1 # |a Hasbullah Othman 
245 1 0 |a Survive, skor & sukses /   |c Hasbullah Othman & Megawati S. 
260 # # |a Selangor:   |b True Wealth Sdn Bhd,   |c 2007. 
300 # # |a 59p.;   |c 21cm. 
650 # 0 |a Motivation in education  
650 # 0 |a Learning, Psychology of  
700 0 # |a Megawati S